00494 2200205 4500001002100000005001500021008004100036020001800077035002500095041000800120082001100128090001100139245003000150250001600180260003300196300002600229650001300255990001000268990001000278INLIS00000000001895620130516050602 ind  a979-757-194-7 a0010-051300000018956 aind a658.31 a658.31 aMatematika Untuk Tes Cpns aCetakan : 1 aJakartabKawan Pustakac2009 avi, 86 hlm. ;23,2 cm. apsikotes a23863 a23864